Countries with Declining Population Rates - Statistics

General Stats
  • This quiz has been taken 366 times
  • The average score is 12 of 18
Answer Stats
Rate Country % Correct
-0.36 Ukraine
82%
-0.71 Bulgaria
81%
-0.79 Romania
77%
-0.47 Serbia
77%
-0.30 Estonia
75%
-1.18 Latvia
75%
-1.63 Lithuania
75%
-0.36 Croatia
74%
-0.40 Greece
74%
-0.04 Moldova
72%
-0.13 Bosnia & Herzegovina
71%
-0.32 Hungary
67%
-0.08 Albania
66%
-0.21 Spain
63%
-0.45 Portugal
60%
-2.27 Syria
56%
-1.21 Georgia
44%
-3.61 Andorra
37%
No matching quizzes found
Score Distribution
Percent of People with Each Score
Percentile by Number Answered
Your Score History
You have not taken this quiz